Top Earning Dead Celebrities - Statistics

General Stats
  • This quiz has been taken 1,074 times
  • The average score is 4 of 13
Answer Stats
Hint Earnings Answer % Correct
musician $160M Michael Jackson
92%
musician $55M Elvis Presley
68%
actress $15M Marilyn Monroe
52%
musician $12M John Lennon
45%
scientist $10M Albert Einstein
39%
cartoonist $37M Charles Schulz
24%
actress $25M Elizabeth Taylor
16%
actor $7M Bruce Lee
9%
musician $18M Bob Marley
7%
model $10M Bettie Page
5%
author $9M Theodor Geisel
5%
singer $7M Jenni Rivera
3%
actor $9M Steve McQueen
3%
No matching quizzes found
Score Distribution
Percent of People with Each Score
Percentile by Number Answered
Your Score History
You have not taken this quiz